000 00716nam a2200289Ia 4500
005 20260324122228.0
008 008 260324s9999 xx 000 0 eng d
020 _a9780429295669
037 _aEBOOK
040 _aCRL
040 _beng
040 _cCRL
041 _2eng
041 _aeng
084 _qCRL
100 _aStephen Cimorelli
_91165627
245 0 _aKanban for the Supply Chain
245 0 _bFundamental Practices for Manufacturing Management, Second Edition
260 _bTaylor and Francis
260 _c2013
365 _a
365 _b290
856 _uhttp://www.taylorfrancis.com/books/9780429295669
942 _cEBOOK
999 _c1758200
_d1758200